000 00498nam a2200181Ia 4500
008 090123s9999 xx 000 0 und d
082 _b2034
_a891.463/फडके
100 _aफडके ना. सी.
245 _aसुषमा
250 _a1
260 _bसुलभ मुद्रणालय
300 _a225
600 _aफडके ना. सी.
630 _aसुषमा
700 _aफडके ना. सी.
730 _aसुषमा
942 _cBOOK
999 _c40115
_d40115